000 00310nam a2200145Ia 4500
100 _aSawyer/Pete
942 _cBK
654 _acomputer
245 _aInterfaces to Database Systems
260 _bSpringer Verlag
_aNONE
_c1995
082 _a5.74
_bSAW
300 _a366
546 _aENGLISH
999 _c23398
_d23398